Estatutos del Ateneo Científico, Literario y Artístico de Madrid. (Record no. 22144)

MARC details
000 -LEADER
campo de control de longitud fija 00819nam a2200217 i 4500
001 - NÚMERO DE CONTROL
campo de control 22144
003 - IDENTIFICADOR DE NÚMERO DE CONTROL
campo de control ES-MaACL
005 - FECHA Y HORA DE LA ÚLTIMA TRANSACCIÓN
campo de control 20230906152630.0
007 - CAMPO FIJO DE DESCRIPCIÓN FÍSICA--INFORMACIÓN GENERAL
campo de control de longitud fija t|
008 - DATOS DE LONGITUD FIJA--INFORMACIÓN GENERAL
campo de control de longitud fija 931119s1850 sp ||||1| spa d
080 ## - NÚMERO DE LA CLASIFICACIÓN DECIMAL UNIVERSAL
Número de la Clasificación Decimal Universal 061.21(461.1)Ateneo(047.32)
110 2# - ENTRADA PRINCIPAL--NOMBRE DE ENTIDAD CORPORATIVA
Nombre de entidad corporativa o nombre de jurisdicción como elemento de entrada Ateneo de Madrid.
9 (RLIN) 1875
245 10 - MENCIÓN DEL TÍTULO
Título Estatutos del Ateneo Científico, Literario y Artístico de Madrid.
260 ## - PUBLICACIÓN, DISTRIBUCIÓN, ETC.
Lugar de publicación, distribución, etc. Madrid :
Nombre del editor, distribuidor, etc. [s.n.],
Fecha de publicación, distribución, etc. 1850 (
Fabricante Imprenta del Colegio de Sordo-Mudos y Ciegos)
300 ## - DESCRIPCIÓN FÍSICA
Extensión 8 p. ;
Dimensiones 21 cm.
500 ## - NOTA GENERAL
Materiales especificados Al final del texto: Madrid 1º de marzo de 1850
610 27 - PUNTO DE ACCESO ADICIONAL DE MATERIA--NOMBRE DE ENTIDAD CORPORATIVA
Nombre de entidad corporativa o nombre de jurisdicción como elemento de entrada Ateneo de Madrid-
Subdivisión de forma Estatutos y reglamentos.
9 (RLIN) 1918
610 2# - PUNTO DE ACCESO ADICIONAL DE MATERIA--NOMBRE DE ENTIDAD CORPORATIVA
Nombre de entidad corporativa o nombre de jurisdicción como elemento de entrada Ateneo de Madrid-
Subdivisión de forma Obras digitalizadas.
9 (RLIN) 1930
852 ## - LOCALIZACIÓN
Ubicación ES-MaACL
Número de control de estantería R-3046
Encuadernación
856 4# - LOCALIZACIÓN Y ACCESO ELECTRÓNICOS
Identificador Uniforme de Recursos <a href="http://www.ateneodemadrid.net/biblioteca_digital/folletos/Estatutos-1850.pdf">http://www.ateneodemadrid.net/biblioteca_digital/folletos/Estatutos-1850.pdf</a>
Nota pública Ver documento
Holdings
Estatus retirado Estado de pérdida Fuente del sistema de clasificación o colocación Estado de daño No para préstamo Colección Biblioteca de origen Biblioteca actual Ubicación en estantería Fecha de adquisición Total de préstamos Signatura topográfica completa Código de barras Visto por última vez Precio de reemplazo Tipo de ítem Koha
    Clasificación decimal universal     Fondo Ateneo de Madrid Biblioteca del Ateneo de Madrid Biblioteca del Ateneo de Madrid Depósito 17/01/2008   R-3046 1022777 23/02/2023 23/02/2023 Libro impreso antiguo